[Event "RUS-ch Youth U21 Boys 2018"]
[Site "Loo"]
[Date "2018.04.28"]
[Round "9"]
[White "Yeletsky, Ivan"]
[Black "Paravyan, David"]
[Result "1-0"]
[WhiteElo "2418"]
[BlackElo "2631"]
[Annotator "TA"]
[PlyCount "71"]
[EventDate "2018.??.??"]
[EventType "tourn"]
[EventCountry "RUS"]
[SourceTitle "playchess.com"]
[Source "ChessBase"]
[SourceQuality "1"]

{[%evp 20,71,15,4,48,35,55,17,10,19,14,17,39,32,108,47,37,0,4,0,0,0,230,13,347,346,350,344,413,421,472,471,484,489,474,486,470,473,582,569,548,345,347,279,275,288,354,365,356,359,433,456,857,-356]} 1. d4 Nf6 2. c4 e6 3. Nf3 b6 4. g3 Bb7 5. Bg2 Bb4+ 6. Bd2 Be7 7. Nc3 c6 8. O-O {E16: Queen's Indian: 4 g3 Bb7 5 Bg2 Bb4+} d5 9. Qb3 O-O 10. Rfd1 Nbd7 11. Rac1 {LiveBook: 13 Games} a5 $146 ({Predecessor:} 11... Rc8 12. Ne1 dxc4 13. Qxc4 b5 14. Qb3 Qb6 15. Bg5 h6 16. Bxf6 Nxf6 {1-0 (38) Ding,L (2766)-Eljanov,P (2760) Wijk aan Zee 2016}) 12. cxd5 exd5 13. Bf4 Nh5 14. Be3 b5 15. Ne5 a4 16. Qc2 {Threatens to win with Nxd5.} g6 (16... Nhf6 $14) 17. Bh6 ({Better is} 17. Nxd5 $16 cxd5 18. Qc7 Nxe5 19. dxe5) 17... Re8 $14 18. e4 {[%cal Re4d5]} Nxe5 19. exd5 Ng4 {[%cal Rc6d5]} 20. dxc6 Ba6 $2 {[#]} (20... Bxc6 $11 {and Black has nothing to worry.} 21. Bxc6 Nxh6) 21. c7 $2 ({White must play} 21. Nd5 $1 $18) 21... Qc8 $2 {[%mdl 8192]} (21... Qxc7 $11 {and Black stays safe.} 22. Bxa8 Nxh6) 22. Nd5 $18 Nxh6 23. Nb6 $1 {[%csl LRa8,LRc8]} Qg4 24. Nxa8 ({Less strong is} 24. Bxa8 Bg5 $18) 24... Bc8 25. Nb6 Nf5 26. h3 Qg5 27. Qc6 Nf6 28. Qxb5 Qh6 29. Nxc8 Rxc8 30. Qa6 Nd6 31. Rc6 Nfe8 32. Qxa4 Qg5 33. Rc5 Qf6 34. Qd7 Bf8 35. Bb7 Nxb7 (35... Rxc7 $142 36. Rxc7 Nxc7 37. Qxc7 Qe6) 36. Qg4 $4 {[%mdl 40960] Precision: White = 53%, Black = 19%. . Loss on Time!?} (36. Qxc8 $18 Nxc7 37. Rxc7) 1-0

[Event "RUS-ch Youth U21 Boys 2018"]
[Site "Loo"]
[Date "2018.04.28"]
[Round "9"]
[White "Ofitserian, Boris"]
[Black "Khanin, Semen"]
[Result "1/2-1/2"]
[WhiteElo "2414"]
[BlackElo "2472"]
[Annotator "TA"]
[PlyCount "145"]
[EventDate "2018.??.??"]
[EventType "tourn"]
[EventCountry "RUS"]
[SourceTitle "playchess.com"]
[Source "ChessBase"]
[SourceQuality "1"]

{[%evp 19,145,-23,-23,-40,-8,-14,-4,-7,-7,-13,0,-6,0,-21,3,0,0,0,0,0,0,0,0,-20,-26,-27,-27,-27,-31,-21,-39,-43,-43,-43,-43,-43,-43,-43,-43,-47,-41,-47,-47,-50,-49,-51,-51,-49,-48,-55,-47,-48,-48,-58,-54,-56,-49,-49,-34,-41,-38,-49,-41,-41,-40,-40,-40,-40,-40,-43,-34,-34,-34,-34,-34,-34,0,0,0,0,0,0,0,-6,0,0,0,0,0,0,0,0,0,0,0,0,0,0,0,0,0,0,0,0,0,0,0,0,0,0,0,0,0,0,0,0,0,0,0,0,0,0,0,0,0,0,0,0]} 1. c4 e5 2. g3 Nf6 3. Bg2 c6 4. Nf3 e4 5. Nd4 {[%cal Bf3d4,Bd4c2,Bc2e3,Be3c4][%mdl 32]} d5 6. cxd5 Qxd5 7. Nc2 Qh5 8. h3 Bd6 {A20: English Opening: 1...e5} (8... Nbd7 9. Nc3 Qg6 10. Ne3 Bc5 11. Qc2 Bxe3 12. dxe3 Nc5 13. b4 Na6 14. Rb1 Bf5 15. b5 cxb5 16. Nxb5 {1-0 (48) Svidler,P (2759)-Wang,H (2734) Almaty 2016}) 9. Nc3 Qg6 10. Ne3 O-O {LiveBook: 13 Games. Black has an edge.} 11. O-O Re8 12. d3 exd3 13. Qxd3 $146 ({Predecessor:} 13. exd3 Na6 14. d4 Be6 15. g4 h5 16. g5 Qxg5 {0-1 (51) Axelrod,A (2386)-Gofshtein,L (2513) Haifa 2010}) 13... Qxd3 14. exd3 Nbd7 15. Nc4 Bc7 16. b3 Nc5 17. d4 Nce4 18. Nxe4 Nxe4 19. Re1 Bf5 20. g4 Bg6 21. Ba3 Rad8 22. Ne5 Rxd4 23. Nxg6 hxg6 24. Bc5 Bb6 25. Bxd4 Bxd4 26. Rxe4 Rxe4 27. Bxe4 Bxa1 $15 {[%mdl 4096] Endgame KB-KB} 28. f4 Kf8 29. Kf2 Ke7 30. Bd3 b5 31. Be4 Kd6 32. Ke3 Bb2 33. Kd2 Ba3 34. Kc2 Kc5 35. Kd2 Kb6 36. h4 Be7 37. g5 Kc5 38. Ke3 Kd6 39. Kd3 Bd8 40. Ke3 Bb6+ 41. Kf3 Bd4 42. f5 gxf5 43. Bxf5 Bc3 44. g6 f6 45. Ke4 Bd2 46. h5 Bg5 47. Bc8 c5 48. Ba6 {The position is equal.} Kc6 49. Bc8 Bc1 50. Be6 Kd6 51. Bf7 a6 52. Bg8 a5 53. Bf7 a4 54. bxa4 bxa4 55. Be8 a3 56. Bf7 Kc6 57. Bc4 Bh6 58. Kd3 f5 59. Be6 f4 60. Kc4 Bg5 61. Bd5+ Kd6 62. Bf3 Bf6 63. Kd3 Ke5 64. Kc4 Kd6 65. Kd3 Be5 66. Ke4 c4 67. Bd1 Ke6 68. Be2 c3 69. Bd3 Kd6 70. Bc2 Ke6 71. Bd3 Bd6 72. Kd4 Be5+ 73. Ke4 {Precision: White = 80%, Black = 68%.} 1/2-1/2